Niektoré poznatky z výskumu zanášania vodných nádrží
Guardado en:
| Autor principal: | |
|---|---|
| Otros Autores: | |
| Formato: | Libro |
| Lenguaje: | eslovaco |
| Publicado: |
Bratislava
Výskumný ústav vodného hospodárstva
1987
|
| Colección: | Veda a výskum praxi
č. 77 |
| Etiquetas: |
Sin Etiquetas, Sea el primero en etiquetar este registro!
|
MARC
| LEADER | 00000nam a2200000 4500 | ||
|---|---|---|---|
| 001 | c111581 | ||
| 005 | 20181203150320.1 | ||
| 041 | 0 | |a slo | |
| 044 | |a SK | ||
| 245 | 1 | 0 | |a Niektoré poznatky z výskumu zanášania vodných nádrží |c Blažej Náther, Ivo Brachtl |
| 264 | 1 | |a Bratislava |b Výskumný ústav vodného hospodárstva |c 1987 | |
| 300 | |a 38 s. | ||
| 490 | 1 | |a Veda a výskum praxi |v č. 77 | |
| 830 | 0 | |a Veda a výskum praxi |v č. 77 | |
| 100 | 1 | |a Náther, Blažej | |
| 700 | 1 | |a Brachtl, Ivo | |